000 00461cam a2200193ua 4500
001 10133
008 170331n ii |||gr||||Z||||||eng
020 _a9789384303082
040 _cMAIN
041 _aeng
082 _a338.5
100 _aBaruah, Jagatjyoti,
_eAuthor.
245 _aElementary microeconomics
_cBy Jagatjyoti Baruah
250 _a1st ed.
260 _aDibrugarh:
_bMahaveer,
_c2014.
300 _a203p.
653 _aProduction
942 _cBK
999 _c9131
_d9131